00868 2200205 4500001002100000005001500021035002000036007000300056008004100059020001800100082001100118084001700129100002400146245005800170250001100228260003500239300002100274520035100295990001600646INLIS00000000000012420260520110813 a0010-0526000012ta260520 b 0 ind  a9786020759388 a297.63 a297.63 BUN k0 aBunda Ary Indriyani1 aKetika Bumi dan Langit berduka /cBunda Ary Indriyani aCet. I aBandung :bCordoba Kids,cs.a. a21 hlm. :bIlus. aBuku anak Ketika Bumi dan Langit Berduka menceritakan suasana duka atas wafatnya Rasulullah SAW dan kesedihan umat Islam saat itu. Dengan bahasa yang sederhana dan mudah dipahami anak, buku ini mengajarkan rasa cinta kepada Rasulullah, keteguhan iman, kesabaran, serta pentingnya melanjutkan ajaran dan teladan beliau dalam kehidupan sehari-hari. a00000000143